| 000 | 00984naa a22002897a 4500 | ||
|---|---|---|---|
| 001 | BR6600419 | ||
| 003 | BR-BrBNA | ||
| 005 | 20240918173308.0 | ||
| 007 | ta | ||
| 008 | 230509b bl.||||| |||| 00| 0 por d | ||
| 040 |
_aBR-BrBNA _bpor _cBiblioteca Nacional de Agricultura |
||
| 041 | _a(Pt) | ||
| 072 | _aP06 | ||
| 090 | _aP06 BR6600419 | ||
| 100 | 1 | _aMalavolta, E. | |
| 245 | 1 | _aProdutos de fissao em solos, plantas e animais [estroncio, higiene de alimento] | |
| 260 | 3 |
_aPiracicaba, SP (Brasil): _c1963. |
|
| 500 | _aCurso latino-americano de radioisotopos na agricultura Piracicaba, SP (Brasil): 1963. p. 403-414 (BR6600419-AM)P06 | ||
| 650 | _aCONTAMINACAO RADIOATIVA | ||
| 650 | _aESTRONCIO | ||
| 650 | _aPLANTA | ||
| 650 | _aSOLO | ||
| 650 | _aHIGIENE DE ALIMENTO | ||
| 773 | 0 |
_tCurso latino-americano de radioisotopos na agricultura _wP06 BR6600419 _gPiracicaba, SP (Brasil), 1963. p. 403-414 |
|
| 909 |
_a202404 _bLucia _c55 _dLucia Elande |
||
| 942 |
_cAM _2AGRIS |
||
| 999 |
_c303817 _d303817 |
||